| 000 | 00439cam a2200181ua 4500 | ||
|---|---|---|---|
| 020 | _c12.10 | ||
| 041 |
_aeng _h |
||
| 082 |
_a621.384 _bOLI/RA |
||
| 100 | _aOliver, W . | ||
| 245 |
_aRadio construction and repairs / _cW Oliver. _hTextual Documents |
||
| 250 |
_a1 / _b. |
||
| 260 |
_aNewyork : _bW Foulsham and co. ltd , _c1960. |
||
| 300 | _a128 ; . | ||
| 365 | _a12.10 | ||
| 504 | _a | ||
| 942 | _cBK | ||
| 999 |
_c8921 _d8921 |
||